Esperanza en la oscuridad. La historia jamás contada del poder de la gente.

Salvato in:
Dettagli Bibliografici
Autore principale: Solnit, Rebecca (autora)
Altri autori: Barahona, Lucía (traducción)
Natura: Sconosciuto
Pubblicazione: Madrid, España: Capitán Swing, 2017.
Soggetti:
Tags: Aggiungi Tag
Nessun Tag, puoi essere il primo ad aggiungerne!!

MARC

LEADER 00000 a2200000 4500
003 CL-VaPUC
005 20241205120023.0
008 241122t2017 ||||| |||| 00| 0 eng d
999 |c 445558  |d 445556 
020 |a 9788494740749 
040 |c Pontificia Universidad Católica de Valparaíso 
082 7 |a 303.4 SOL 2017  |2 22 
100 |a Solnit, Rebecca  |9 578962  |e autora 
245 |a Esperanza en la oscuridad.   |b  La historia jamás contada del poder de la gente.  
260 |a Madrid, España:  |b Capitán Swing,   |c 2017.  
300 |a 197 páginas.  
583 |k GC  |c 20241122 
650 |a Cambio social   |9 256857 
650 |a Acción social  |y Siglo 21  |9 894145 
650 |a Esperanza   |y Siglo 21   |9 894146 
700 |a Barahona, Lucía   |e traducción  |9 894147 
942 |2 ddc  |c BK 
952 |0 0  |1 0  |2 ddc  |4 0  |6 303_400000000000000_SOL_2017  |7 0  |8 A  |9 598208  |a BIBHIS  |b BIBHIS  |d 2024-11-21  |e 13  |g 20230.00  |i 5663391  |o 303.4 SOL 2017  |p 5663391  |r 2025-01-20  |t 1  |v 20230.00  |w 2024-11-21  |y BK  |k HIS 
952 |0 0  |1 0  |2 ddc  |4 0  |6 303_400000000000000_SOL_2017  |7 0  |8 A  |9 598707  |a BIBHIS  |b BIBHIS  |d 2024-12-16  |e 13  |g 20230.00  |i 5663651  |o 303.4 SOL 2017  |p 5663651  |r 2025-01-20  |t 2  |v 20230.00  |w 2024-12-16  |y BK  |k HIS